| 000 | 00457nam a2200133 a 4500 | ||
|---|---|---|---|
| 008 | 120416s1970 ||||||||||||||||| || u | ||
| 050 | _aTA 545 Roy | ||
| 100 | _aRoyer, King | ||
| 245 | 1 | 0 | _aApplied field surveying |
| 260 |
_aNew York _bJohn Wiley and Sons _c1970 |
||
| 300 | _axi, 205p. : ill | ||
| 350 | _a0.00 | ||
| 995 |
_D0.00 _FCBU-MAIN LIBRARY (Kitwe) _H1 _I4.25 _UDAMAGED _ZMain Library Open Access Collection |
||
| 999 |
_c34553 _d34553 |
||